01018nam a2200313Ia 450000500170000000800410001702000180005804100080007610000330008424500820011725000180019930000250021749000350024250000420027753400220031965000350034165000390037665000350041565000320045070000250048294200150050726400320052233600270055433700330058133800280061404000350064208400120067799900150068920220317001848.0170410s9999 xx 000 0 und d a9788498383683 aspa1 aMárai, Sándord1900-198913aLa mujer justacSándor Márai ; traducción del húngaro de Agnes Csomos a6a. edición a415 páginasc20 cm aLetras de bolsillo : narrativa aIncluye datos biográficos del autor tAz Igazi y Judith142LEMBaNovela hungaraySiglo XX142LEMBaLiteratura hungaraySiglo XX142LEMBaAmistad en la literatura142LEMBaAmor en la literatura1 aCsomos, Agnes973908 2loccBKLIT aBarcelonabSalamandrac2014 atextobtxt2rdacontent asin mediaciónbn2rdamedia avolumenbnc2rdacarrier aCO-BoRNBPbspaerdacCO-BoRNBP aN MAR19 c8338d8338